| 000 | 01048cam a2200373 4500500 | ||
|---|---|---|---|
| 005 | 20260329003106.0 | ||
| 041 | _afre | ||
| 042 | _adc | ||
| 100 | 1 | 0 |
_aLegros, Martin _eauthor |
| 245 | 0 | 0 | _aLiberté. Inégalité. Immortalité. Le monde que vous prépare la Silicon Valley |
| 260 | _c2014. | ||
| 500 | _a82 | ||
| 690 | _aAlexandre Lacroix | ||
| 690 | _aCalifornie | ||
| 690 | _aÉtats-Unis | ||
| 690 | _aFrancis Wolff | ||
| 690 | _aFutur | ||
| 690 | _aImmortalité | ||
| 690 | _aInégalité | ||
| 690 | _aLibertarisme | ||
| 690 | _aLiberté | ||
| 690 | _aMartin Legros | ||
| 690 | _aMichel Eltchaninoff | ||
| 690 | _aPeter Thiel | ||
| 690 | _aPierre Manent | ||
| 690 | _aProgrès | ||
| 690 | _aRéseau | ||
| 690 | _aSanté | ||
| 690 | _aSilicon Valley | ||
| 690 | _aTechnologie | ||
| 690 | _aTranshumanisme | ||
| 786 | 0 | _nPhilosophie magazine | 83 | 10 | 2014-10-01 | p. 39-39 | 1951-1787 | |
| 856 | 4 | 1 | _uhttps://shs.cairn.info/magazine-philosophie-magazine-2014-10-page-39?lang=fr&redirect-ssocas=7080 |
| 999 |
_c1821368 _d1821368 |
||